Welten in der Nordische Mythologie - Statistiken

Allgemein
  • Dieses Quiz wurde 383 mal gespielt
  • Das Durchschnittsergebnis liegt bei 4 aus 9
Antwortstatistiken
Hinweis Antwort % Korrekt
Götter Asgard
92%
Menschen Midgard
81%
Tot Helheim
57%
Riesen Jötunnheim
53%
Feuer Muspelheim
34%
Eis Niflheim
34%
Licht Alfheim
30%
Alte Götter Vanaheim
22%
Zwerge Svartalfheim
17%
Keine übereinstimmenden Quizze gefunden
Verteilung der Resultate
Anzahl Personen mit jedem Resultat
Perzentil nach korrekt beantworteten Fragen
Ihre Resultats-Entwicklung
Sie haben dieses Quiz noch nicht gespielt